[Event "FRA-ch Seniors"]
[Site "Chartres"]
[Date "2019.??.??"]
[Round "1"]
[White "Large, Laurent"]
[Black "Barat, Jacques"]
[Result "1-0"]
[WhiteElo "2211"]
[BlackElo "1650"]
[PlyCount "85"]
[EventDate "2019.08.17"]
[EventType "swiss"]
[EventRounds "9"]
[EventCountry "FRA"]
[SourceTitle "EXT 2020"]
[Source "ChessBase"]
[SourceDate "2019.10.17"]
[SourceVersion "1"]
[SourceVersionDate "2019.10.17"]
[SourceQuality "1"]

1. e4 e5 2. Bc4 Nf6 3. d3 Be7 4. Nf3 d6 5. 0-0 0-0 6. h3 h6 7. c3 Nc6 8. b4 a6 9. Re1 b5 10. Bb3 Bb7 11. a3 a5 12. Bb2 Kh7 13. Nbd2 Qd7 14. Bc2 Kh8 15. Nf1 Nh7 16. Ng3 Ng5 17. Nf5 a4 18. d4 Nxf3+ 19. Qxf3 Rae8 20. Rad1 f6 21. Bd3 Ba6 22. Qg4 Bd8 23. Bb1 Bc8 24. Ba2 g5 25. Nxh6 Qxg4 26. hxg4 Kg7 27. Nf5+ Kg6 28. f3 Rh8 29. Kf2 Rh7 30. Rh1 Reh8 31. Rxh7 Rxh7 32. Rc1 Ne7 33. dxe5 fxe5 34. Rd1 Nxf5 35. gxf5+ Kf6 36. Bc1 Bb7 37. c4 g4 38. cxb5 gxf3 39. Kxf3 Rh4 40. Bd5 Bc8 41. Be3 Bd7 42. Bc6 Bc8 43. b6 1-0

[Event "FRA-chT4 1415"]
[Site "Champagne Ardennes"]
[Date "2015.01.11"]
[Round "4"]
[White "Lassalle, Arnaud"]
[Black "Barat, Jacques"]
[Result "1-0"]
[WhiteElo "2045"]
[BlackElo "1792"]
[PlyCount "83"]
[EventDate "2014.10.16"]
[EventType "team-tourn"]
[EventRounds "7"]
[EventCountry "FRA"]
[SourceTitle "EXT 2024"]
[Source "ChessBase"]
[SourceDate "2023.10.10"]
[SourceVersion "1"]
[SourceVersionDate "2023.10.10"]
[SourceQuality "1"]

1. e4 c5 2. Nf3 d6 3. d4 cxd4 4. Nxd4 Nf6 5. Nc3 a6 6. a4 e5 7. Nb3 Be7 8. Bc4 Nc6 9. 0-0 Bg4 10. f3 Be6 11. Nd5 Bxd5 12. Bxd5 Nxd5 13. Qxd5 Qb6+ 14. Kh1 Nb4 15. Qd1 0-0 16. c3 Nd3 17. Qxd3 Qxb3 18. Be3 Rac8 19. Rf2 Qc4 20. Rd2 Qxd3 21. Rxd3 Rc4 22. b3 Rc6 23. c4 f5 24. Kg1 fxe4 25. fxe4 b6 26. Rf1 Rxf1+ 27. Kxf1 a5 28. Ke2 Kf7 29. Kf3 Ke6 30. g4 h6 31. Bf2 g5 32. Ke2 Kd7 33. Rh3 Bf8 34. Rf3 Ke7 35. h4 Bg7 36. hxg5 hxg5 37. Be3 Bf6 38. Rh3 Kd7 39. Rh7+ Ke8 40. Kf3 Kf8 41. Rb7 Bd8 42. Rb8 1-0

[Event "FRA-chT4 1415"]
[Site "Champagne Ardennes"]
[Date "2014.10.12"]
[Round "1"]
[White "Barat, Jacques"]
[Black "Moine, Patrick"]
[Result "1/2-1/2"]
[WhiteElo "1798"]
[BlackElo "1848"]
[PlyCount "129"]
[EventDate "2014.10.16"]
[EventType "team-tourn"]
[EventRounds "7"]
[EventCountry "FRA"]
[SourceTitle "EXT 2024"]
[Source "ChessBase"]
[SourceDate "2023.10.10"]
[SourceVersion "1"]
[SourceVersionDate "2023.10.10"]
[SourceQuality "1"]

1. Nf3 c5 2. d4 cxd4 3. Nxd4 e6 4. e4 Nc6 5. Nxc6 bxc6 6. Be3 g6 7. Nc3 Bg7 8. Qd2 Ne7 9. Be2 0-0 10. f4 Qa5 11. 0-0 Ba6 12. Bxa6 Qxa6 13. Bc5 Rfe8 14. Rad1 d5 15. e5 Nf5 16. g4 Ne7 17. Qe3 Nc8 18. Rd4 Nb6 19. b3 Nd7 20. Ra4 Qb7 21. Rb4 Qc7 22. Bd6 Qc8 23. Na4 Bf8 24. Bxf8 Rxf8 25. c4 a5 26. Nb6 Nxb6 27. Rxb6 Rb8 28. Qc5 Rxb6 29. Qxb6 Qa8 30. cxd5 cxd5 31. Rc1 Rb8 32. Qc7 a4 33. bxa4 Rb2 34. Qd7 Qa5 35. Qc7 Qxc7 36. Rxc7 Rxa2 37. Ra7 Kg7 38. g5 d4 39. Kf1 d3 40. Ke1 Rxh2 41. a5 Ra2 42. a6 Ra4 43. Kd2 Rxf4 44. Rb7 Ra4 45. a7 Ra3 46. Rc7 h5 47. gxh6+ Kxh6 48. Rxf7 Kg5 49. Rf6 Rxa7 50. Kxd3 Re7 51. Ke4 Kh5 52. Kf3 g5 53. Kg3 g4 54. Kf4 Rg7 55. Kg3 Ra7 56. Rxe6 Ra3+ 57. Kg2 Kg5 58. Re8 Kf4 59. Rg8 Re3 60. Rf8+ Kg5 61. Rg8+ Kf5 62. Rf8+ Ke6 63. Re8+ Kf7 64. Rb8 Rxe5 65. Rb4 1/2-1/2

[Event "FRA-chT4 1314"]
[Site "Champagne Ardennes"]
[Date "2014.04.07"]
[Round "7.2"]
[White "Barat, Jacques"]
[Black "Noizet, Donatien"]
[Result "1/2-1/2"]
[WhiteElo "1803"]
[BlackElo "1958"]
[PlyCount "40"]
[EventDate "2013.10.25"]
[EventType "team-tourn"]
[EventRounds "7"]
[EventCountry "FRA"]
[SourceTitle "EXT 2024"]
[Source "ChessBase"]
[SourceDate "2023.10.10"]
[SourceVersion "1"]
[SourceVersionDate "2023.10.10"]
[SourceQuality "1"]

1. d4 d5 2. Nf3 Nf6 3. c4 dxc4 4. Qa4+ c6 5. Qxc4 Bf5 6. e3 e6 7. Bd3 Bxd3 8. Qxd3 Nbd7 9. Qc2 Nb6 10. Bd2 Rc8 11. Nc3 c5 12. 0-0 cxd4 13. Nxd4 Bc5 14. Nb3 0-0 15. Nxc5 Rxc5 16. Rfd1 Qc7 17. h3 Nbd5 18. Nxd5 Rxc2 19. Nxc7 Rxc7 20. Rac1 Rfc8 1/2-1/2

[Event "FRA-chT4 1314"]
[Site "Champagne Ardennes"]
[Date "2013.10.13"]
[Round "1"]
[White "Barat, Jacques"]
[Black "Cauvin, Alain"]
[Result "1/2-1/2"]
[WhiteElo "1830"]
[BlackElo "1685"]
[PlyCount "62"]
[EventDate "2013.10.25"]
[EventType "team-tourn"]
[EventRounds "7"]
[EventCountry "FRA"]
[SourceTitle "EXT 2024"]
[Source "ChessBase"]
[SourceDate "2023.10.10"]
[SourceVersion "1"]
[SourceVersionDate "2023.10.10"]
[SourceQuality "1"]

1. d4 d5 2. Nf3 Nf6 3. c4 c6 4. Nc3 e6 5. Bg5 Be7 6. e3 0-0 7. Bd3 Nbd7 8. h3 b6 9. Rc1 Kh8 10. 0-0 h6 11. Bh4 Nh5 12. Bxe7 Qxe7 13. cxd5 cxd5 14. Nb5 a6 15. Nc3 Bb7 16. Ne5 Nhf6 17. Nf3 Rac8 18. Qe2 Nb8 19. Ne5 Nfd7 20. Nf3 Rc7 21. Rc2 Rfc8 22. Re1 Nc6 23. a3 b5 24. Na2 Nb6 25. Qd1 Na5 26. Rxc7 Rxc7 27. Ne5 Kg8 28. Bc2 Nac4 29. Nxc4 Nxc4 30. Qd3 g6 31. b4 Nb2 1/2-1/2

[Event "Pays de Champagne op-A 1st"]
[Site "Recy"]
[Date "2010.05.13"]
[Round "2"]
[White "Barat, Jacques"]
[Black "Neuhauser, Salome"]
[Result "0-1"]
[WhiteElo "1810"]
[BlackElo "2023"]
[PlyCount "58"]
[EventDate "2010.05.??"]
[EventType "swiss"]
[EventRounds "6"]
[EventCountry "FRA"]
[SourceTitle "EXT 2011"]
[Source "ChessBase"]
[SourceDate "2010.11.26"]
[SourceVersion "1"]
[SourceVersionDate "2010.11.26"]
[SourceQuality "1"]

1. d4 Nf6 2. c4 e6 3. Nf3 Bb4+ 4. Bd2 Qe7 5. Nc3 0-0 6. Qc2 d6 7. e3 e5 8. dxe5 dxe5 9. Be2 Bg4 10. a3 Bd6 11. Rd1 c6 12. h3 Bh5 13. Nh4 Bxe2 14. Nxe2 Qe6 15. Nf5 Bc7 16. Bb4 Rd8 17. 0-0 Na6 18. Be7 Re8 19. Bd6 Bb6 20. b4 c5 21. b5 Nc7 22. Neg3 Rad8 23. a4 g6 24. Bxc7 Bxc7 25. Nh4 e4 26. Qc3 b6 27. Qc2 Rxd1 28. Rxd1 Bxg3 29. fxg3 g5 0-1

[Event "FRA-chT1B 0607"]
[Site "France"]
[Date "2007.02.25"]
[Round "9.5"]
[White "Cordier, Arnaud"]
[Black "Barat, Jacques"]
[Result "1/2-1/2"]
[WhiteElo "2151"]
[BlackElo "1740"]
[PlyCount "70"]
[EventDate "2006.10.15"]
[EventType "team"]
[EventRounds "11"]
[EventCountry "FRA"]
[SourceTitle "EXT 2008"]
[Source "ChessBase"]
[SourceDate "2007.11.25"]
[SourceVersion "1"]
[SourceVersionDate "2007.11.25"]
[SourceQuality "1"]
[WhiteTeam "Epinal"]
[BlackTeam "Reims"]
[WhiteTeamCountry "FRA"]
[BlackTeamCountry "FRA"]

1. e4 c5 2. Nf3 Nc6 3. d4 cxd4 4. Nxd4 Nf6 5. Nc3 a6 6. Nxc6 bxc6 7. e5 Ng8 8. Bc4 e6 9. Bf4 Bc5 10. Ne4 Be7 11. Nd6+ Bxd6 12. Qxd6 Qe7 13. 0-0-0 Qxd6 14. Rxd6 Ne7 15. Bb3 Nf5 16. Rd2 h6 17. Rhd1 g5 18. Bg3 Rb8 19. Ba4 Ke7 20. a3 Rb6 21. c4 h5 22. h3 Nxg3 23. fxg3 Rf8 24. Rf1 f5 25. exf6+ Rxf6 26. Rxf6 Kxf6 27. c5 Rb7 28. Kc2 a5 29. Kc3 Ke5 30. Bd1 h4 31. gxh4 gxh4 32. Rd4 Rxb2 33. Rxh4 Rxg2 34. Bb3 Rg3+ 35. Kd2 Rg2+ 1/2-1/2